Türkiyenin arkeoloji, epigrafi ve tarihî coğrafyasi için bibliyografya /

محفوظ في:

المؤلف الرئيسي: Mansel, Arif Müfid (مؤلف)

التنسيق: كتاب

اللغة: Turkish

منشور في: Ankara : Türk Tarih Kurumu Basımevi, 1948.

سلاسل: Yayınlarından. 1.

الموضوعات:

الوسوم: إضافة وسم

لا توجد وسوم, كن أول من يضع وسما على هذه التسجيلة!

رقم الطلب: Z2847 .M2 1948

LEADER 00987nam a22002771 4500
001 864
003 OSt
005 20200715074928.0
008 130303s1948 tu e b 000 0 tur d
952 |0 0  |1 0  |2 lcc  |4 0  |6 Z2847 M2 01948  |7 1  |9 3860  |a ARCE  |b ARCE  |d 2020-07-15  |l 0  |o Z2847 .M2 1948  |r 2020-07-15 00:00:00  |w 2020-07-15  |y BK 
999 |c 6875  |d 6875 
043 |a a-tu--- 
050 0 4 |a Z2847 .M2 1948 
100 1 |a Mansel, Arif Müfid,  |e author 
245 1 0 |a Türkiyenin arkeoloji, epigrafi ve tarihî coğrafyasi için bibliyografya /  |c Arif Müfid Mansel. 
264 1 |a Ankara :  |b Türk Tarih Kurumu Basımevi,  |c 1948. 
300 |a XVI, 616 pages ;  |c 24 cm. 
336 |a text  |b txt  |2 rdacontent 
337 |a unmediated  |b n  |2 rdamedia 
338 |a volume  |b nc  |2 rdacarrier 
490 1 |a Yayınlarından. XII. Seri ;  |v 1. 
650 0 |a Archaeology  |z Turkey  |v Bibliography. 
651 0 |a Turkey  |x Antiquities  |v Bibliography. 
830 0 |a Yayınlarından.  |n XII. Seri ;  |v 1. 
901 |a reviewed 
942 |c BK  |2 lcc